Cliquez sur la bonne traduction en italien - Les moyens de transport - Statistiques

Statistiques générales
  • Ce quiz a été pris 396 fois
  • Le résultat moyen est 15 sur 23
Statistiques - réponses
Hint Réponse % Correct
Voiture Auto
92%
Vol Volo
89%
Train Treno
84%
Bicyclette Bicicletta
83%
Port Porto
83%
Avion Aereo
82%
Navire Nave
82%
Moto Motocicletta
81%
Marin Marinaio
80%
Sentier Sentiero
80%
Conducteur Conducente
79%
Frein Freno
78%
Roue Ruota
76%
Péage Pedaggio
71%
Rue Strada
65%
Virage Curva
64%
Essence Benzina
60%
Bateau Barca
57%
Capot Cofano
39%
Camion Autocarro
36%
Wagon Carro
26%
Péniche Chiatta
8%
Coffre Baule
6%
Aucun quiz correspondant
Distribution des résultats
% des personnes avec chaque résultat
Percentile par nombre de réponses
Votre historique - résultats
Vous n’avez pas pris ce quiz